000 00755nam a22002177a 4500
005 20210514113624.0
008 210514b ||||| |||| 00| 0 eng d
020 _a978-2-294-72825-9
040 _aBUAC
_cBUC
041 _aFre.
100 _aGuinchard, Roland
245 _aPersonnalités difficiles ou dangereuses au travail
_bIdentifier les comortements et gérer les troubles
_c/par Roland Guinchard
260 _aIssy-les Moulineaux cedex :
_bElsevier Mason,
_c2013
300 _a188 p.
_bCouv. en coul.;
_c21 cm.
440 _a( Pratiques en Psychothéraphie Santé Psy et Travail)
500 _aIndex. p
630 _aPHILOSOPHIE PSYCHOLOGIE
650 _aPSYCHOLOGIE
651 _aPsychologie : personnalité : travail
942 _2ddc
_cLBA
999 _c61965
_d61965